Representation of lie groups and special functions : (Record no. 29770)

000 -LEADER
fixed length control field 00704 a2200193 4500
020 ## - INTERNATIONAL STANDARD BOOK NUMBER
International Standard Book Number 0792332105
020 ## - INTERNATIONAL STANDARD BOOK NUMBER
International Standard Book Number 9780792332107
082 ## - DEWEY DECIMAL CLASSIFICATION NUMBER
Classification number 515.55
090 ## - LOCALLY ASSIGNED LC-TYPE CALL NUMBER (OCLC); LOCAL CALL NUMBER (RLIN)
-- 1157
-- 1157
100 1# - MAIN ENTRY--PERSONAL NAME
Personal name Vilenkin, N.Ja.
245 10 - TITLE STATEMENT
Title Representation of lie groups and special functions :
Remainder of title recent advances /
Statement of responsibility, etc. N.Ja. Vilenkin, A.U. Klimyk.
260 ## - PUBLICATION, DISTRIBUTION, ETC.
Place of publication, distribution, etc. [S.l.] :
Name of publisher, distributor, etc. Springer,
Date of publication, distribution, etc. 1995.
300 ## - PHYSICAL DESCRIPTION
Extent 516 p. ;
Dimensions 25 cm.
490 1# - SERIES STATEMENT
Series statement Mathematics and its applications (closed)
700 1# - ADDED ENTRY--PERSONAL NAME
Personal name Klimyk, A.U.
830 #0 - SERIES ADDED ENTRY--UNIFORM TITLE
Uniform title Mathematics and its applications (closed)
942 ## - ADDED ENTRY ELEMENTS (KOHA)
Institution code [OBSOLETE] SNS
Koha item type Book
Call number prefix 515.55 VIL
Holdings
Withdrawn status Lost status Damaged status Not for loan Permanent Location Current Location Date acquired Total Checkouts Full call number Barcode Date last seen Price effective from Koha item type
        School of Natural Sciences (SNS) School of Natural Sciences (SNS) 05/26/2016   515.55 VIL SNS0001491 05/26/2016 05/26/2016 Book
© 2023 Central Library, National University of Sciences and Technology. All Rights Reserved.